Entry Nombre personal
001 - NÚMERO DE CONTROL
- campo de control: 112048
003 - IDENTIFICADOR DE NÚMERO DE CONTROL
- campo de control: SpMaBN
005 - FECHA Y HORA DE LA ÚLTIMA TRANSACCIÓN
- campo de control: 20231204175218.0
008 - ELEMENTOS DE DATO DE LONGITUD-FIJA
- campo de control de longitud fija: 901120nn azznnaabn |a aaa
016 ## - NÚMERO DE CONTROL DE UNA AGENCIA BIBLIOGRÁFICA NACIONAL
- Número de control del registro: BNE19900135762
024 7# - IDENTIFICADOR DE OTROS ESTÁNDARES
- Número estándar o código: http://viaf.org/viaf/50638495/
- Fuente: viaf
024 8# - IDENTIFICADOR DE OTROS ESTÁNDARES
- Número estándar o código: https://data.cervantesvirtual.com/person/6333
024 7# - IDENTIFICADOR DE OTROS ESTÁNDARES
- Número estándar o código: https://isni.org/isni/0000000081294012
- Fuente: isni
024 7# - IDENTIFICADOR DE OTROS ESTÁNDARES
- Número estándar o código: http://www.wikidata.org/entity/Q8963217
- Fuente: wikidata
040 ## - FUENTE DE CATALOGACIÓN
- Centro catalogador/agencia de origen: SpMaBN
- Lengua de catalogación: spa
- Centro/agencia transcriptor: SpMaBN
- Normas de descripción: rdc
- Convención/Normas de encabezamiento de materia/tesauro: embne
046 ## - FECHAS CON CODIFICACIÓN ESPECIAL
- Fecha de nacimiento: 1883
- Fecha de la muerte: 1943
100 1# - ENCABEZAMIENTO-NOMBRE DE PERSONA
- Nombre de persona: Urabayen, Félix,
- Fechas asociadas al nombre: 1883-1943
370 ## - LUGAR ASOCIADO
- Lugar de nacimiento: Ulzurrun
- Fuente de información: Wikidata
373 ## - GRUPO ASOCIADO
- Grupo asociado: Ateneo de Madrid
- Fuente de información: Listado de socios anteriores a 1 de abril de 1939 (Archivo del Ateneo); Ateneístas ilustres II (2007)
374 ## - OCUPACIÓN
- Ocupación: Novelistas
- Ocupación: Periodistas
- Fuente de información: Wikidata
375 ## - GÉNERO/SEXO
- Género: Masculino
377 ## - IDIOMA ASOCIADO
- Término de lengua/lenguaje: Español
400 1# - TRAZADO DE VÉASE--NOMBRE DE PERSONA
- Nombre de persona: Urabayen Guindoerena, Félix,
- Fechas asociadas al nombre: 1883-1943
400 1# - TRAZADO DE VÉASE--NOMBRE DE PERSONA
- Nombre de persona: Urabayen Guindo, Félix Andrés,
- Fechas asociadas al nombre: 1883-1943
670 ## - FUENTE DE DATOS ENCONTRADOS
- Cita de la fuente: El barrio maldito, 1982
- Información encontrada: port. (Félix Urabayen)
670 ## - FUENTE DE DATOS ENCONTRADOS
- Cita de la fuente: Espasa
- Información encontrada: (Urabayen, Félix; escritor español; n. en Ulzurrun, Navarra, el 10 de jun. de 1884)
670 ## - FUENTE DE DATOS ENCONTRADOS
- Cita de la fuente: Dic. de literatura española e hispanoamericana, 1993
- Información encontrada: (Urabayen, Félix; Ulzurrun, 1883-Madrid, 1943)
670 ## - FUENTE DE DATOS ENCONTRADOS
- Cita de la fuente: WWW Wikipedia, 18-05-2015
- Información encontrada: (Félix Urabayen [Félix Andrés Urabayen Guindo]; n. Ulzurrun, Navarra, 10 de junio de 1883, m. Madrid, 8 de febrero de 1943; periodista, escritor y político español de la Generación del 14 o Novecentismo; tío de Miguel Urabayen (1926-) y hermano de Leoncio Urabayen (1878-1968))
- Identificador Uniforme de Recursos: http://es.wikipedia.org/wiki/F%C3%A9lix_Urabayen
670 ## - FUENTE DE DATOS ENCONTRADOS
- Cita de la fuente: WWW BN España aut., 28/06/2023;
- Información encontrada: (Urabayen, Félix, 1883-1943)
678 ## - DATOS BIOGRÁFICOS O HISTÓRICOS
- Datos biográficos o históricos: Socio del Ateneo de Madrid n. 14623
- Ampliación de la nota: Fuentes: Listado de socios anteriores a 1 de abril de 1939 (Archivo del Ateneo); Ateneístas ilustres II (2007)
